Housing and Regeneration Bill (Record no. 107667)

MARC details
000 -LEADER
fixed length control field 01176cad a22002175a 4500
001 - CONTROL NUMBER
control field L141444
008 - FIXED-LENGTH DATA ELEMENTS--GENERAL INFORMATION
fixed length control field 071126s2007 xxk f f000 0 eng d
035 ## - SYSTEM CONTROL NUMBER
System control number (Sirsi) u141444
041 0# - LANGUAGE CODE
Language code of text/sound track or separate title eng
050 04 - LIBRARY OF CONGRESS CALL NUMBER
Classification number 306.1 $2 18
110 1# - MAIN ENTRY--CORPORATE NAME
Corporate name or jurisdiction name as entry element United Kingdom
Subordinate unit Parliament
-- House of Commons
9 (RLIN) 2119
245 00 - TITLE STATEMENT
Title Housing and Regeneration Bill
Medium [electronic resource]
260 ## - PUBLICATION, DISTRIBUTION, ETC.
Place of publication, distribution, etc. London
Name of publisher, distributor, etc. House of Commons
Date of publication, distribution, etc. 2007
520 ## - SUMMARY, ETC.
Summary, etc. Aims to establish the Homes and Communities Agency and makes provisions for it. Abolishes the Urban Regeneration Agency and Commission for New Towns and makes provision for these abolitions. Introduces regulatory measures connected with social housing. Enables the abolition of the Housing Corporation. Makes provision about sustainability certificates, landlord and tenant law, building regulations and mobile homes. Makes further provision about housing.
590 ## - LOCAL NOTE (RLIN)
Local note KA
650 24 - SUBJECT ADDED ENTRY--TOPICAL TERM
Topical term or geographic name entry element HOUSING AND REGENERATION BILL 2007-08
651 #4 - SUBJECT ADDED ENTRY--GEOGRAPHIC NAME
Geographic name United Kingdom
Chronological subdivision
690 ## - LOCAL SUBJECT ADDED ENTRY--TOPICAL TERM (OCLC, RLIN)
Topical term or geographic name as entry element Residential property
9 (RLIN) 6266
856 40 - ELECTRONIC LOCATION AND ACCESS
Uniform Resource Identifier <a href="https://services.parliament.uk/bills/2007-08/housingandregeneration.html">https://services.parliament.uk/bills/2007-08/housingandregeneration.html</a>
Public note View the Bill free of charge at www.parliament.uk...
942 ## - ADDED ENTRY ELEMENTS (KOHA)
Suppress in OPAC 0
Holdings
Withdrawn status Lost status Source of classification or shelving scheme Damaged status Not for loan Home library Current library Shelving location Date acquired Total Checkouts Full call number Barcode Date last seen Copy number Price effective from Koha item type
    Dewey Decimal Classification     Virtual Virtual Online 26/11/2007   ONLINE PUBLICATION 141444-1001 06/08/2019 1 06/08/2019 Book